[Event "Bundesliga 9495"]
[Site "Deutschland"]
[Date "1995.??.??"]
[Round "?.2"]
[White "Hjartarson, Johann"]
[Black "Kraut, Rainer"]
[Result "0-1"]
[WhiteElo "2590"]
[BlackElo "2420"]
[PlyCount "92"]
[EventDate "1994.10.??"]
[EventType "team"]
[EventRounds "15"]
[EventCountry "GER"]
[SourceTitle "Bundesliga 9495"]
[Source "DeepChess"]
[SourceDate "2005.01.01"]
[SourceVersion "1"]
[SourceVersionDate "2005.01.01"]
[SourceQuality "1"]
[WhiteTeam "FC Bayern Muenchen e.V."]
[BlackTeam "SV Tuebingen 1870 e.V."]
[WhiteTeamCountry "GER"]
[BlackTeamCountry "GER"]

1. e4 c5 2. Nf3 d6 3. d4 cxd4 4. Nxd4 Nf6 5. Nc3 Nc6 6. Bg5 e6 7. Qd2 a6 8.
O-O-O Bd7 9. f4 b5 10. Bxf6 gxf6 11. f5 Nxd4 12. Qxd4 Bh6+ 13. Kb1 Bf4 14. fxe6
fxe6 15. Ne2 Be5 16. Qd2 Qb6 17. Nf4 Ke7 18. g3 Rab8 19. Bh3 b4 20. Rhf1 a5 21.
Nd3 Qd4 22. Qh6 Rbg8 23. Nxe5 Qxe5 24. Qe3 h5 25. Rf2 Rc8 26. Rdf1 Rhf8 27. Qh6
Be8 28. Bg2 Rc5 29. h4 a4 30. Rf3 a3 31. bxa3 bxa3 32. Rxa3 Ba4 33. Rf2 Rb5+
34. Rb3 Bxb3 35. cxb3 Qxg3 36. Rc2 Rc5 37. Rxc5 dxc5 38. Qh7+ Rf7 39. Qxh5 Qe1+
40. Kb2 Qf2+ 41. Ka3 Rg7 42. Bf1 Qxf1 43. Qxc5+ Ke8 44. Qc8+ Kf7 45. Qd7+ Kg6
46. Qe8+ Kh6 0-1

[Event "Bundesliga 9495"]
[Site "Deutschland"]
[Date "1995.??.??"]
[Round "?.3"]
[White "Palkovi, Jozsef"]
[Black "Kindermann, Stefan"]
[Result "1/2-1/2"]
[WhiteElo "2420"]
[BlackElo "2585"]
[PlyCount "26"]
[EventDate "1994.10.??"]
[EventType "team"]
[EventRounds "15"]
[EventCountry "GER"]
[SourceTitle "Bundesliga 9495"]
[Source "DeepChess"]
[SourceDate "2005.01.01"]
[SourceVersion "1"]
[SourceVersionDate "2005.01.01"]
[SourceQuality "1"]
[WhiteTeam "SV Tuebingen 1870 e.V."]
[BlackTeam "FC Bayern Muenchen e.V."]
[WhiteTeamCountry "GER"]
[BlackTeamCountry "GER"]

1. e4 e6 2. d4 d5 3. Nc3 Bb4 4. exd5 exd5 5. Bd3 Nc6 6. a3 Be7 7. Be3 Bf6 8.
Qh5 Bxd4 9. Bxd4 Nxd4 10. Qxd5 Qe7+ 11. Nge2 Nxe2 12. Nxe2 Nf6 13. Qg5 O-O
1/2-1/2

[Event "Bundesliga 9495"]
[Site "Deutschland"]
[Date "1995.??.??"]
[Round "?.4"]
[White "Gabriel, Christian"]
[Black "Zeller, Frank"]
[Result "1-0"]
[WhiteElo "2535"]
[BlackElo "2350"]
[PlyCount "57"]
[EventDate "1994.10.??"]
[EventType "team"]
[EventRounds "15"]
[EventCountry "GER"]
[SourceTitle "Bundesliga 9495"]
[Source "DeepChess"]
[SourceDate "2005.01.01"]
[SourceVersion "1"]
[SourceVersionDate "2005.01.01"]
[SourceQuality "1"]
[WhiteTeam "FC Bayern Muenchen e.V."]
[BlackTeam "SV Tuebingen 1870 e.V."]
[WhiteTeamCountry "GER"]
[BlackTeamCountry "GER"]

1. d4 Nf6 2. c4 g6 3. Nc3 Bg7 4. e4 O-O 5. h3 d6 6. Bg5 c5 7. d5 e6 8. Bd3 Nbd7
9. Nge2 Ne5 10. f4 Nxd3+ 11. Qxd3 h6 12. Bh4 g5 13. fxg5 Nh7 14. Bg3 hxg5 15.
dxe6 Bxe6 16. O-O Qa5 17. Nd5 Bxb2 18. Rab1 Be5 19. Bxe5 dxe5 20. Rxb7 Qxa2 21.
Nec3 Qa6 22. Rc7 Rfd8 23. Ne7+ Kf8 24. Ncd5 Rab8 25. Qf3 Qxc4 26. Ng6+ Kg7 27.
Qxf7+ Bxf7 28. Rfxf7+ Kxg6 29. Rg7+ 1-0

[Event "Bundesliga 9495"]
[Site "Deutschland"]
[Date "1995.??.??"]
[Round "?.5"]
[White "Werner, Marc"]
[Black "Boensch, Uwe"]
[Result "0-1"]
[WhiteElo "2360"]
[BlackElo "2550"]
[PlyCount "46"]
[EventDate "1994.10.??"]
[EventType "team"]
[EventRounds "15"]
[EventCountry "GER"]
[SourceTitle "Bundesliga 9495"]
[Source "DeepChess"]
[SourceDate "2005.01.01"]
[SourceVersion "1"]
[SourceVersionDate "2005.01.01"]
[SourceQuality "1"]
[WhiteTeam "SV Tuebingen 1870 e.V."]
[BlackTeam "FC Bayern Muenchen e.V."]
[WhiteTeamCountry "GER"]
[BlackTeamCountry "GER"]

1. e4 c5 2. Nf3 d6 3. d4 cxd4 4. Nxd4 Nf6 5. Nc3 e6 6. g4 h6 7. Bg2 Nc6 8. h3
Nxd4 9. Qxd4 e5 10. Qd3 Be6 11. f4 Qc7 12. f5 Bc4 13. Qg3 d5 14. Nxd5 Nxd5 15.
exd5 O-O-O 16. Be3 Bb4+ 17. c3 Bc5 18. O-O-O Bxa2 19. Bxc5 Qxc5 20. b4 Qb5 21.
d6 Bb3 22. Qd3 Qa4 23. Rd2 Qa1+ 0-1

[Event "Bundesliga 9495"]
[Site "Deutschland"]
[Date "1995.??.??"]
[Round "?.6"]
[White "Bischoff, Klaus"]
[Black "Dutschak, Hauke"]
[Result "1-0"]
[WhiteElo "2525"]
[BlackElo "2240"]
[PlyCount "73"]
[EventDate "1994.10.??"]
[EventType "team"]
[EventRounds "15"]
[EventCountry "GER"]
[SourceTitle "Bundesliga 9495"]
[Source "DeepChess"]
[SourceDate "2005.01.01"]
[SourceVersion "1"]
[SourceVersionDate "2005.01.01"]
[SourceQuality "1"]
[WhiteTeam "FC Bayern Muenchen e.V."]
[BlackTeam "SV Tuebingen 1870 e.V."]
[WhiteTeamCountry "GER"]
[BlackTeamCountry "GER"]

1. c4 c5 2. b3 Nc6 3. Bb2 Nf6 4. g3 e5 5. Bg2 d5 6. cxd5 Nxd5 7. Nc3 Be6 8. Qb1
Be7 9. Be4 Qd7 10. Nf3 Bf6 11. O-O h6 12. Qd3 O-O-O 13. Rac1 b6 14. Qb1 Kb8 15.
Rfd1 Nd4 16. e3 Nxf3+ 17. Bxf3 Nb4 18. Qe4 Bd5 19. Nxd5 Qxd5 20. Qxd5 Nxd5 21.
Rb1 Nb4 22. a3 Nd3 23. Ba1 Rd7 24. Be4 Rhd8 25. Kf1 g6 26. Ke2 Bh8 27. g4 Bf6
28. Bc3 Kc8 29. f4 Bh8 30. Rf1 c4 31. bxc4 Nc5 32. Bd5 e4 33. Be5 f5 34. gxf5
gxf5 35. Bd4 Kc7 36. Bxc5 bxc5 37. Rg1 1-0

[Event "Bundesliga 9495"]
[Site "Deutschland"]
[Date "1995.??.??"]
[Round "?.7"]
[White "Foessmeier, Ulrich"]
[Black "Schlosser, Philipp"]
[Result "1/2-1/2"]
[WhiteElo "2310"]
[BlackElo "2505"]
[PlyCount "96"]
[EventDate "1994.10.??"]
[EventType "team"]
[EventRounds "15"]
[EventCountry "GER"]
[SourceTitle "Bundesliga 9495"]
[Source "DeepChess"]
[SourceDate "2005.01.01"]
[SourceVersion "1"]
[SourceVersionDate "2005.01.01"]
[SourceQuality "1"]
[WhiteTeam "SV Tuebingen 1870 e.V."]
[BlackTeam "FC Bayern Muenchen e.V."]
[WhiteTeamCountry "GER"]
[BlackTeamCountry "GER"]

1. d4 Nf6 2. c4 e6 3. Nc3 Bb4 4. Qc2 O-O 5. Bg5 c5 6. e3 cxd4 7. exd4 h6 8. Bh4
Nc6 9. Nf3 d5 10. cxd5 exd5 11. Be2 g5 12. Bg3 g4 13. Ne5 Nxd4 14. Qd3 Nxe2 15.
Kxe2 Re8 16. Kf1 Bxc3 17. bxc3 Ne4 18. Qd4 Qf6 19. Re1 Bf5 20. Re3 Re6 21. f4
Rb6 22. Be1 Rd8 23. h3 g3 24. Bxg3 Rb1+ 25. Be1 Qa6+ 26. Kg1 Qxa2 27. Kh2 Kh7
28. Nf3 Bg6 29. Qe5 Nd6 30. Re2 Qa6 31. Rf2 Re8 32. Qxd5 Be4 33. Qd2 Bxf3 34.
Rxf3 Re2 35. Qd3+ Qxd3 36. Rxd3 Ne4 37. Bh4 Rbb2 38. Rg1 Rbd2 39. Rxd2 Rxd2 40.
Rb1 b6 41. Ra1 a5 42. Rb1 Rd6 43. c4 Nd2 44. c5 bxc5 45. Rb5 a4 46. Rxc5 a3 47.
Ra5 Nc4 48. Ra4 Rd4 1/2-1/2

[Event "Bundesliga 9495"]
[Site "Deutschland"]
[Date "1995.??.??"]
[Round "?.8"]
[White "Bezold, Michael"]
[Black "Roth, Juergen"]
[Result "1/2-1/2"]
[WhiteElo "2495"]
[BlackElo "2235"]
[PlyCount "83"]
[EventDate "1994.10.??"]
[EventType "team"]
[EventRounds "15"]
[EventCountry "GER"]
[SourceTitle "Bundesliga 9495"]
[Source "DeepChess"]
[SourceDate "2005.01.01"]
[SourceVersion "1"]
[SourceVersionDate "2005.01.01"]
[SourceQuality "1"]
[WhiteTeam "FC Bayern Muenchen e.V."]
[BlackTeam "SV Tuebingen 1870 e.V."]
[WhiteTeamCountry "GER"]
[BlackTeamCountry "GER"]

1. d4 d6 2. e4 g6 3. Nc3 Bg7 4. g3 Nc6 5. Be3 e5 6. dxe5 Nxe5 7. h3 Be6 8. Bg2
Nc4 9. Bc1 Ne7 10. Nge2 O-O 11. O-O c6 12. b3 Nb6 13. Ba3 Nbc8 14. Qd3 Qa5 15.
Bb2 f5 16. Nd4 Bd7 17. exf5 Nxf5 18. Nce2 d5 19. a4 Ncd6 20. g4 Nxd4 21. Nxd4
Rae8 22. Bc3 Qc5 23. Rad1 Ne4 24. Be1 Rf7 25. f3 Ng5 26. Bf2 Qd6 27. h4 Ne6 28.
Nxe6 Bxe6 29. Rfe1 b6 30. Re2 Rfe7 31. Rde1 Bf7 32. Rxe7 Rxe7 33. Rxe7 Qxe7 34.
Qa6 Qc7 35. a5 c5 36. axb6 axb6 37. Qa8+ Bf8 38. Bf1 Kg7 39. Kg2 Bd6 40. Bb5
Bf4 41. Bc6 d4 42. Be4 1/2-1/2

[Event "Bundesliga 9495"]
[Site "Deutschland"]
[Date "1994.??.??"]
[Round "?.1"]
[White "Hertneck, Gerald"]
[Black "Wahls, Matthias"]
[Result "1/2-1/2"]
[WhiteElo "2605"]
[BlackElo "2540"]
[PlyCount "32"]
[EventDate "1994.10.??"]
[EventType "team"]
[EventRounds "15"]
[EventCountry "GER"]
[SourceTitle "Bundesliga 9495"]
[Source "DeepChess"]
[SourceDate "2005.01.01"]
[SourceVersion "1"]
[SourceVersionDate "2005.01.01"]
[SourceQuality "1"]
[WhiteTeam "Muenchener SC 1836 e.V."]
[BlackTeam "Hamburger SK 1830 e.V."]
[WhiteTeamCountry "GER"]
[BlackTeamCountry "GER"]

1. d4 Nf6 2. Nf3 e6 3. c4 Bb4+ 4. Bd2 Qe7 5. g3 Nc6 6. Nc3 Bxc3 7. Bxc3 Ne4 8.
Rc1 O-O 9. Bg2 d6 10. O-O e5 11. Be1 f5 12. d5 Nd8 13. Nd2 Nf6 14. c5 dxc5 15.
Nb3 e4 16. Rxc5 b6 1/2-1/2

[Event "Bundesliga 9495"]
[Site "Deutschland"]
[Date "1994.??.??"]
[Round "?.3"]
[White "Stohl, Igor"]
[Black "Movsziszian, Karen"]
[Result "1-0"]
[WhiteElo "2560"]
[BlackElo "2525"]
[PlyCount "49"]
[EventDate "1994.10.??"]
[EventType "team"]
[EventRounds "15"]
[EventCountry "GER"]
[SourceTitle "Bundesliga 9495"]
[Source "DeepChess"]
[SourceDate "2005.01.01"]
[SourceVersion "1"]
[SourceVersionDate "2005.01.01"]
[SourceQuality "1"]
[WhiteTeam "Muenchener SC 1836 e.V."]
[BlackTeam "Hamburger SK 1830 e.V."]
[WhiteTeamCountry "GER"]
[BlackTeamCountry "GER"]

1. d4 Nf6 2. Nf3 g6 3. c4 Bg7 4. g3 O-O 5. Bg2 d6 6. Nc3 Nbd7 7. O-O e5 8. e4
c6 9. b3 exd4 10. Nxd4 Re8 11. h3 Nc5 12. Re1 Qc7 13. Bf4 Nh5 14. Be3 Ne6 15.
Nde2 a6 16. Rc1 Qe7 17. Qd2 Nf6 18. Rcd1 Bf8 19. Nd4 Bd7 20. Nxe6 Qxe6 21. Bf4
b5 22. e5 Nh5 23. exd6 Qf6 24. Ne4 Qf5 25. Bg5 1-0

[Event "Bundesliga 9495"]
[Site "Deutschland"]
[Date "1994.??.??"]
[Round "?.4"]
[White "Mueller, Karsten"]
[Black "Tischbierek, Raj"]
[Result "1/2-1/2"]
[WhiteElo "2470"]
[BlackElo "2525"]
[PlyCount "68"]
[EventDate "1994.10.??"]
[EventType "team"]
[EventRounds "15"]
[EventCountry "GER"]
[SourceTitle "Bundesliga 9495"]
[Source "DeepChess"]
[SourceDate "2005.01.01"]
[SourceVersion "1"]
[SourceVersionDate "2005.01.01"]
[SourceQuality "1"]
[WhiteTeam "Hamburger SK 1830 e.V."]
[BlackTeam "Muenchener SC 1836 e.V."]
[WhiteTeamCountry "GER"]
[BlackTeamCountry "GER"]

1. e4 Nf6 2. e5 Nd5 3. d4 d6 4. Nf3 Bg4 5. Be2 e6 6. c4 Nb6 7. Be3 Be7 8. O-O
O-O 9. Nc3 a6 10. Qb3 N8d7 11. exd6 cxd6 12. Rac1 Rc8 13. Ne4 f5 14. Nxd6 Bxd6
15. c5 f4 16. Bd2 Bxc5 17. dxc5 Nxc5 18. Rxc5 Rxc5 19. Bb4 Qd5 20. Bxc5 Qxc5
21. Nd4 Bxe2 22. Qxe6+ Kh8 23. Nxe2 f3 24. gxf3 Qb5 25. Ng3 Nd5 26. Re1 Nf4 27.
Qe5 Qc6 28. Qe4 Qh6 29. Kh1 Nh3 30. Qf5 Nxf2+ 31. Kg2 Qd6 32. Qe6 Qxe6 33. Rxe6
Nd3 34. Re7 b5 1/2-1/2

[Event "Bundesliga 9495"]
[Site "Deutschland"]
[Date "1994.??.??"]
[Round "?.5"]
[White "Sandor, Christian"]
[Black "Michaelsen, Nils"]
[Result "0-1"]
[WhiteElo "2365"]
[BlackElo "2430"]
[PlyCount "72"]
[EventDate "1994.10.??"]
[EventType "team"]
[EventRounds "15"]
[EventCountry "GER"]
[SourceTitle "Bundesliga 9495"]
[Source "DeepChess"]
[SourceDate "2005.01.01"]
[SourceVersion "1"]
[SourceVersionDate "2005.01.01"]
[SourceQuality "1"]
[WhiteTeam "Muenchener SC 1836 e.V."]
[BlackTeam "Hamburger SK 1830 e.V."]
[WhiteTeamCountry "GER"]
[BlackTeamCountry "GER"]

1. e4 d5 2. exd5 Qxd5 3. Nc3 Qa5 4. d4 c6 5. Nf3 Nf6 6. Bc4 Bf5 7. Ne5 e6 8. g4
Bg6 9. h4 Nbd7 10. Nxd7 Nxd7 11. Qe2 h5 12. Bg5 Bb4 13. O-O-O Bxc3 14. Bxe6 Bb4
15. Kb1 Nf6 16. Bf5+ Kf8 17. Bxg6 fxg6 18. Bxf6 gxf6 19. Qe6 Be7 20. d5 cxd5
21. Rxd5 Qb6 22. Qe4 hxg4 23. Qxg6 Qe6 24. Rdd1 Rd8 25. Rde1 Rxh4 26. b3 Rxh1
27. Rxh1 Qg8 28. Qf5 Rd5 29. Qc8+ Kg7 30. Qxg4+ Rg5 31. Qe4 Kf8 32. Rh6 Qg7 33.
Rh7 f5 34. Rxg7 fxe4 35. Rh7 Rf5 36. Rh8+ Kf7 0-1

[Event "Bundesliga 9495"]
[Site "Deutschland"]
[Date "1994.??.??"]
[Round "?.6"]
[White "Loeffler, Stefan"]
[Black "Reich, Thomas"]
[Result "1-0"]
[WhiteElo "2420"]
[BlackElo "2390"]
[PlyCount "49"]
[EventDate "1994.10.??"]
[EventType "team"]
[EventRounds "15"]
[EventCountry "GER"]
[SourceTitle "Bundesliga 9495"]
[Source "DeepChess"]
[SourceDate "2005.01.01"]
[SourceVersion "1"]
[SourceVersionDate "2005.01.01"]
[SourceQuality "1"]
[WhiteTeam "Hamburger SK 1830 e.V."]
[BlackTeam "Muenchener SC 1836 e.V."]
[WhiteTeamCountry "GER"]
[BlackTeamCountry "GER"]

1. d4 d6 2. c4 Nf6 3. Nc3 Nbd7 4. e4 e5 5. Nf3 c6 6. Be2 Be7 7. O-O O-O 8. Qc2
Re8 9. Rd1 Qc7 10. h3 Bf8 11. Be3 b6 12. Rd2 Bb7 13. Rad1 a6 14. c5 dxc5 15.
dxe5 Nxe5 16. Bg5 Bc8 17. Nxe5 Qxe5 18. f4 Qc7 19. e5 Nd5 20. Rxd5 cxd5 21.
Nxd5 Qc6 22. Bf3 Qg6 23. Qxg6 hxg6 24. Nc7 Be6 25. Bxa8 1-0

[Event "Bundesliga 9495"]
[Site "Deutschland"]
[Date "1994.??.??"]
[Round "?.7"]
[White "Geisler, Fabian"]
[Black "Maus, Soenke"]
[Result "1/2-1/2"]
[WhiteElo "2305"]
[BlackElo "2430"]
[PlyCount "57"]
[EventDate "1994.10.??"]
[EventType "team"]
[EventRounds "15"]
[EventCountry "GER"]
[SourceTitle "Bundesliga 9495"]
[Source "DeepChess"]
[SourceDate "2005.01.01"]
[SourceVersion "1"]
[SourceVersionDate "2005.01.01"]
[SourceQuality "1"]
[WhiteTeam "Muenchener SC 1836 e.V."]
[BlackTeam "Hamburger SK 1830 e.V."]
[WhiteTeamCountry "GER"]
[BlackTeamCountry "GER"]

1. e4 Nf6 2. e5 Nd5 3. d4 d6 4. Nf3 Bg4 5. Be2 e6 6. O-O Be7 7. c4 Nb6 8. Nc3
O-O 9. Be3 d5 10. c5 Bxf3 11. gxf3 Nc8 12. f4 Bh4 13. Bd3 g6 14. Qg4 f5 15. Qh3
b6 16. b4 Be7 17. Ne2 Qe8 18. a4 Nc6 19. Bd2 a5 20. b5 Nb4 21. Rfc1 Nxd3 22.
Qxd3 Bd8 23. Rc3 Rf7 24. Kh1 Rg7 25. Rg1 Ne7 26. Bc1 Rb8 27. Ba3 Nc8 28. Rb3
Rb7 29. Qc3 1/2-1/2

[Event "Bundesliga 9495"]
[Site "Deutschland"]
[Date "1994.??.??"]
[Round "?.8"]
[White "Reefschlaeger, Helmut"]
[Black "Steinbacher, Matthias"]
[Result "0-1"]
[WhiteElo "2370"]
[BlackElo "2380"]
[PlyCount "106"]
[EventDate "1994.10.??"]
[EventType "team"]
[EventRounds "15"]
[EventCountry "GER"]
[SourceTitle "Bundesliga 9495"]
[Source "DeepChess"]
[SourceDate "2005.01.01"]
[SourceVersion "1"]
[SourceVersionDate "2005.01.01"]
[SourceQuality "1"]
[WhiteTeam "Hamburger SK 1830 e.V."]
[BlackTeam "Muenchener SC 1836 e.V."]
[WhiteTeamCountry "GER"]
[BlackTeamCountry "GER"]

1. e4 e5 2. Nf3 Nc6 3. Nc3 g6 4. d4 exd4 5. Nxd4 Bg7 6. Nxc6 bxc6 7. Bc4 Qh4 8.
Qf3 Nf6 9. Bf4 O-O 10. O-O d6 11. h3 Nd7 12. Qe3 Qh5 13. Be2 Qc5 14. Bh6 Qxe3
15. Bxe3 Re8 16. Rae1 Rb8 17. Nd1 c5 18. Bc1 Rxe4 19. Bd3 Rxe1 20. Rxe1 Kf8 21.
f4 Nb6 22. c3 Be6 23. a3 Re8 24. Ne3 Bc4 25. Bxc4 Nxc4 26. Kf2 Nxe3 27. Bxe3
Re4 28. Kf3 f5 29. g4 a5 30. Rd1 Kf7 31. h4 a4 32. h5 Re8 33. gxf5 gxf5 34. Bf2
Rb8 35. Rd2 Bf6 36. Re2 Rb5 37. Be3 d5 38. Rd2 c6 39. Ke2 Be7 40. Kd1 Rb8 41.
Rg2 Rg8 42. Rxg8 Kxg8 43. b3 axb3 44. a4 Kg7 45. Kc1 Kh6 46. Kb2 Kxh5 47. Kxb3
c4+ 48. Kb2 Bd8 49. Bc5 Kg4 50. Ka3 h5 51. Kb4 h4 52. a5 Bxa5+ 53. Kxa5 h3 0-1

[Event "Bundesliga 9495"]
[Site "Deutschland"]
[Date "1995.??.??"]
[Round "?.1"]
[White "Khalifman, Alexander"]
[Black "Wahls, Matthias"]
[Result "1-0"]
[WhiteElo "2635"]
[BlackElo "2555"]
[PlyCount "57"]
[EventDate "1994.10.??"]
[EventType "team"]
[EventRounds "15"]
[EventCountry "GER"]
[SourceTitle "Bundesliga 9495"]
[Source "DeepChess"]
[SourceDate "2005.01.01"]
[SourceVersion "1"]
[SourceVersionDate "2005.01.01"]
[SourceQuality "1"]
[WhiteTeam "PSV Turm Duisburg 1920 e.V."]
[BlackTeam "Hamburger SK 1830 e.V."]
[WhiteTeamCountry "GER"]
[BlackTeamCountry "GER"]

1. d4 Nf6 2. c4 e6 3. Nc3 Bb4 4. e3 b6 5. Nge2 Ba6 6. Ng3 O-O 7. e4 Nc6 8. Bg5
h6 9. h4 d6 10. Rc1 hxg5 11. hxg5 g6 12. gxf6 Qxf6 13. a3 Bxc3+ 14. Rxc3 Qxd4
15. Qc1 Rfd8 16. Be2 Qe5 17. Qh6 Qg7 18. Qf4 Kf8 19. c5 Bxe2 20. cxb6 Bb5 21.
bxc7 Rd7 22. a4 Bxa4 23. e5 Bb5 24. exd6 g5 25. Qe3 a6 26. Ne4 Qe5 27. Nc5 Qxd6
28. Rh8+ Ke7 29. Qxg5+ 1-0

[Event "Bundesliga 9495"]
[Site "Deutschland"]
[Date "1995.??.??"]
[Round "?.2"]
[White "Ftacnik, Lubomir"]
[Black "Unzicker, Wolfgang"]
[Result "1-0"]
[WhiteElo "2605"]
[BlackElo "2440"]
[PlyCount "80"]
[EventDate "1994.10.??"]
[EventType "team"]
[EventRounds "15"]
[EventCountry "GER"]
[SourceTitle "Bundesliga 9495"]
[Source "DeepChess"]
[SourceDate "2005.01.01"]
[SourceVersion "1"]
[SourceVersionDate "2005.01.01"]
[SourceQuality "1"]
[WhiteTeam "Hamburger SK 1830 e.V."]
[BlackTeam "PSV Turm Duisburg 1920 e.V."]
[WhiteTeamCountry "GER"]
[BlackTeamCountry "GER"]

1. d4 Nf6 2. Nf3 d5 3. c4 e6 4. g3 dxc4 5. Bg2 c5 6. O-O Nc6 7. Qa4 Bd7 8. Qxc4
Rc8 9. dxc5 Qa5 10. Nbd2 Qxc5 11. b3 Be7 12. Bb2 Qb6 13. Qf4 O-O 14. Nc4 Qc7
15. Rfd1 Qxf4 16. gxf4 Rfd8 17. Nfe5 Be8 18. Rxd8 Nxd8 19. Rd1 Nc6 20. Rd2 Kf8
21. a3 Rc7 22. h3 Nb8 23. a4 Bb4 24. Rd8 Nbd7 25. Ra8 a6 26. Nxd7+ Nxd7 27. Ra7
f6 28. Bd4 Bc5 29. Bxc5+ Nxc5 30. Na5 Bh5 31. e3 Bd1 32. b4 Nxa4 33. Bxb7 Rc1
34. Kg2 Rb1 35. Ra8+ Kf7 36. Bc6 f5 37. Be8+ Kf6 38. Ra7 e5 39. fxe5+ Kxe5 40.
Rxa6 Be2 1-0

[Event "Bundesliga 9495"]
[Site "Deutschland"]
[Date "1995.??.??"]
[Round "?.3"]
[White "Espig, Lutz"]
[Black "Movsziszian, Karen"]
[Result "1/2-1/2"]
[WhiteElo "2430"]
[BlackElo "2470"]
[PlyCount "76"]
[EventDate "1994.10.??"]
[EventType "team"]
[EventRounds "15"]
[EventCountry "GER"]
[SourceTitle "Bundesliga 9495"]
[Source "DeepChess"]
[SourceDate "2005.01.01"]
[SourceVersion "1"]
[SourceVersionDate "2005.01.01"]
[SourceQuality "1"]
[WhiteTeam "PSV Turm Duisburg 1920 e.V."]
[BlackTeam "Hamburger SK 1830 e.V."]
[WhiteTeamCountry "GER"]
[BlackTeamCountry "GER"]

1. Nf3 g6 2. e4 Bg7 3. d4 d6 4. Nc3 Nf6 5. h3 O-O 6. Be3 a6 7. a4 b6 8. Bc4 e6
9. d5 e5 10. Nd2 Kh8 11. Be2 Ng8 12. O-O f5 13. exf5 gxf5 14. f4 Ne7 15. Nc4
exf4 16. Rxf4 Ng6 17. Rf2 Nd7 18. Qd2 Nde5 19. Raf1 Qh4 20. Nxe5 Bxe5 21. Rf3
Qb4 22. Bd3 Qxb2 23. Ne2 Qa2 24. Nd4 Qxd5 25. Nxf5 Bxf5 26. Rxf5 Rxf5 27. Rxf5
Rg8 28. Qf2 a5 29. Rf7 Rg7 30. Rf3 c5 31. Qf1 Qe6 32. Bh6 Rg8 33. Rf7 d5 34. c4
Bg7 35. cxd5 Qxd5 36. Bxg6 hxg6 37. Bxg7+ Rxg7 38. Rf8+ Kh7 1/2-1/2

[Event "Bundesliga 9495"]
[Site "Deutschland"]
[Date "1995.??.??"]
[Round "?.4"]
[White "Mueller, Karsten"]
[Black "Mohr, Stefan"]
[Result "1-0"]
[WhiteElo "2470"]
[BlackElo "2455"]
[PlyCount "177"]
[EventDate "1994.10.??"]
[EventType "team"]
[EventRounds "15"]
[EventCountry "GER"]
[SourceTitle "Bundesliga 9495"]
[Source "DeepChess"]
[SourceDate "2005.01.01"]
[SourceVersion "1"]
[SourceVersionDate "2005.01.01"]
[SourceQuality "1"]
[WhiteTeam "Hamburger SK 1830 e.V."]
[BlackTeam "PSV Turm Duisburg 1920 e.V."]
[WhiteTeamCountry "GER"]
[BlackTeamCountry "GER"]

1. e4 d6 2. d4 g6 3. Nc3 Bg7 4. Nf3 Nf6 5. Bg5 c6 6. a4 Qa5 7. Bd2 Qc7 8. Bc4
O-O 9. e5 dxe5 10. dxe5 Ng4 11. e6 fxe6 12. Qe2 Ne5 13. Nxe5 Qxe5 14. Ne4 Nd7
15. O-O Nb6 16. Bc3 Qf4 17. Bxg7 Kxg7 18. Bb3 Qe5 19. Rfe1 Nd5 20. Qd2 Qf4 21.
Qd4+ e5 22. Qc5 Be6 23. Rad1 Rac8 24. f3 b6 25. Qf2 h6 26. Qe2 Rcd8 27. Nf2 Nc7
28. Rxd8 Rxd8 29. Qxe5+ Qxe5 30. Rxe5 Kf7 31. Re2 Bxb3 32. cxb3 h5 33. g3 Ne6
34. Kg2 c5 35. h4 Rd4 36. Ne4 Rb4 37. Re3 Nd4 38. Nd2 Nf5 39. Rd3 Nd4 40. Kf2
e6 41. Rc3 Nf5 42. Rc4 e5 43. Rxb4 cxb4 44. g4 Nd6 45. Ke3 Ke6 46. Nf1 Nb7 47.
Kd3 Nd6 48. Ng3 g5 49. hxg5 h4 50. Nf1 Kf7 51. Ke3 Kg6 52. f4 exf4+ 53. Kxf4
Nb7 54. Nd2 Nc5 55. Nf3 h3 56. Ne5+ Kg7 57. Kg3 Nxb3 58. Nc4 Nc5 59. a5 b5 60.
Ne5 b3 61. Kxh3 a6 62. Kg3 Nb7 63. Nc6 Nd6 64. Nb4 Nc4 65. Nxa6 Nxa5 66. Nc5
Nc4 67. Nd3 Kf7 68. Kf3 Kg7 69. Ke4 Kh7 70. Kd4 Kg7 71. g6 Kf6 72. Kc3 Kxg6 73.
Kxb3 Kg5 74. Nf2 Kf4 75. Kc3 Na5 76. Kd4 Nc4 77. b3 Na5 78. b4 Nc4 79. Nd3+ Kg5
80. Ne5 Na3 81. Kc3 Kf4 82. Kb2 Kxe5 83. Kxa3 Kf4 84. Kb3 Kxg4 85. Kc3 Kf5 86.
Kd4 Ke6 87. Kc5 Kd7 88. Kxb5 Kc7 89. Ka6 1-0

[Event "Bundesliga 9495"]
[Site "Deutschland"]
[Date "1995.??.??"]
[Round "?.5"]
[White "Gruenberg, Hans Ulrich"]
[Black "Loeffler, Stefan"]
[Result "1-0"]
[WhiteElo "2470"]
[BlackElo "2425"]
[PlyCount "77"]
[EventDate "1994.10.??"]
[EventType "team"]
[EventRounds "15"]
[EventCountry "GER"]
[SourceTitle "Bundesliga 9495"]
[Source "DeepChess"]
[SourceDate "2005.01.01"]
[SourceVersion "1"]
[SourceVersionDate "2005.01.01"]
[SourceQuality "1"]
[WhiteTeam "PSV Turm Duisburg 1920 e.V."]
[BlackTeam "Hamburger SK 1830 e.V."]
[WhiteTeamCountry "GER"]
[BlackTeamCountry "GER"]

1. d4 d5 2. c4 e6 3. Nf3 dxc4 4. e3 c5 5. Bxc4 Nf6 6. O-O a6 7. Qe2 b5 8. Bb3
Nbd7 9. e4 Bb7 10. d5 c4 11. dxe6 fxe6 12. Bc2 Bd6 13. Rd1 Qb8 14. h3 O-O 15.
a4 Bc5 16. Nbd2 Nh5 17. Nxc4 Ndf6 18. Nce5 Ng3 19. Qe1 Ngxe4 20. Be3 Rc8 21.
Bxe4 Bxe4 22. Bxc5 Rxc5 23. Nd7 Nxd7 24. Qxe4 Nf8 25. b3 Ra7 26. Rac1 Rd7 27.
g3 bxa4 28. bxa4 Qc7 29. Qe3 Rxd1+ 30. Rxd1 Qc6 31. Rd8 Rc3 32. Qf4 Qc5 33. Ne5
Qe7 34. Rb8 Rc7 35. h4 Rb7 36. Rc8 Rb4 37. Qf3 h6 38. Ng6 Rb1+ 39. Kg2 1-0